000 01794nam a2200253Ia 4500
999 _c46283
_d46283
001 13117
003 GE_BSU
005 20240830170325.0
008 181216s2014||||ge |||||||||||||| ||geo||
040 _cGE_BSU
041 _ageo
080 _a821.353.1(09) ნ-63
100 _aნიკოლეიშვილი, ავთანდილ
_9296
245 _aქართველ მწერალთა ეროვნულ-პოლიტიკური მრწამსი :
_bორტომეული. ტ. 1 /
_cავთანდილ ნიკოლეიშვილი ; რედ. : ელგუჯა თავბერიძე, სულხან კუპრაშვილი.
264 _aქუთაისი :
_bსაგამომცემლო ცენტრი,
_c2014.
300 _a572 გვ. ;
_c21 სმ.
500 _aგარეკანზე და სუპერზე სათ. : ორტომეული
500 _a წიგნი გამოიცა ქუთაისის მერიის კულტურის, სპორტის, ძეგლთა დაცვისა და ახალგაზრდობის საქ. სამსახურის ფინანსური მხარდაჭერით
653 _aქართველ მწერალთა ეროვნულ-პოლიტიკური მრწამსი
653 _aძველი ქართული მწერლობის ისტორია და კრიტიკა
700 _aთავბერიძე, ელგუჯა
_eრედაქტორი
_923150
700 _aკუპრაშვილი, სულხან
_eრედაქტორი
_911459
942 _cBK
_2udc